Reinstating the Ottomans : alternative Balkan modernities, 1800-1912

Αποθηκεύτηκε σε:
Λεπτομέρειες βιβλιογραφικής εγγραφής
Κύριος συγγραφέας: Blumi, Isa 1969-
Μορφή: Βιβλίο
Γλώσσα:English
Δημοσίευση: New York, NY : Palgrave Macmillan, c2011
Θέματα:
Ετικέτες: Προσθήκη ετικέτας
Δεν υπάρχουν, Καταχωρήστε ετικέτα πρώτοι!

MARC

LEADER 00000nam a2200000 i 4500
001 1/25105
008 130125s2011 eng d
020 |a 978-0-230-11018-2 
035 |l 10113584 
040 |a GR-MY-UA  |b gre  |e aacr 
041 0 |a eng 
082 0 |a 949.6038  |2 (22) 
100 1 |a Blumi, Isa  |d 1969- 
245 1 0 |a Reinstating the Ottomans :  |b alternative Balkan modernities, 1800-1912 /  |c by Isa Blumi 
260 |a New York, NY :   |b Palgrave Macmillan,   |c c2011 
300 |a xx, 250 σ.;  |b χάρτες;  |c 23 εκ. 
504 |a Περιλαμβάνει βιβλιογραφία (σ. [221]-242) και ευρετήριο 
505 0 |a Introduction: The search for a narrative of transition -- Retrieving historical process : transitions to a modern story -- Repositioning agency and the forces of change -- The compromised empire : ethnicity and faith under state powers -- Governing exchange : boundaries and the struggle to define/confine -- Learning the wrong lesson : local challenges to educational reform. 
650 0 0 |a Nationalism  |z Balkan Peninsula  |x History. 
650 0 0 |a Imperialism  |x Social aspects  |z Balkan Peninsula  |x History. 
650 0 0 |a Social change  |z Balkan Peninsula  |x History. 
651 0 |a Turkey  |x History  |y Ottoman Empire, 1288-1918. 
651 0 |a Balkan Peninsula  |x Politics and government. 
651 0 |a Balkan Peninsula  |x Ethnic relations. 
651 0 |a Balkan Peninsula  |x Historiography. 
852 |a INST  |b LESVOS  |e 20130125  |h 949.6038 BLU  |p 005100052025  |q 005100052025  |t BK  |y 0 
901 |a BIBL1-2013-1 
909 |a Λ  |b 177672 
922 |a 1ΕΛΗ  |b 201210  |c ΤΜΗΜΑ ΚΟΙΝΩΝΙΚΗΣ ΑΝΘΡΩΠΟΛΟΓΙΑΣ ΚΑΙ ΙΣΤΟΡΙΑΣ  |d ΙΩΑΝΝΙΔΟΥ 
970 |a ΤΖΑΦΕΡΗ  |b ΕΥΑΓΓΕΛΙΑ  |z 2013/01/25